000 00325nam a2200133Ia 4500
008 151001s9999||||xx |||||||||||||| ||und||
100 _aसुधाकर शंकर देशपांडे
245 _aबाहुले
250 _a1
260 _bजागर
260 _c1981
300 _a108
365 _b22
999 _c961706
_d961703